| 000 | 01503cam a2200373 a 4500 | ||
|---|---|---|---|
| 999 |
_c329626 _d329626 |
||
| 001 | 14416818 | ||
| 003 | NUST | ||
| 005 | 20170516122926.0 | ||
| 008 | 060616s2006 enka b 001 0 eng d | ||
| 010 | _a 2006296675 | ||
| 020 | _a0750661852 | ||
| 035 | _a(OCoLC)ocm64107064 | ||
| 040 |
_aERL _cERL _dBAKER _dESU _dIXA _dDLC |
||
| 042 | _alccopycat | ||
| 050 | 0 | 0 |
_aHD9715.A2 _bO15 2006 |
| 082 | 0 | 0 |
_a624.0687 OAK _222 |
| 100 | 1 |
_aOakland, John S. _9867 |
|
| 245 | 1 | 0 |
_aTotal quality in the construction supply chain / _cJohn Oakland, Marton Marosszeky. |
| 250 | _a1st ed. | ||
| 260 |
_aOxford : _bButterworth-Heinemann, _c2006. |
||
| 300 |
_aix, 527 p. : _bill. ; _c25 cm. |
||
| 504 | _aIncludes bibliographical references (p. 511-513) and index. | ||
| 650 | 0 |
_aConstruction industry _xQuality control. _9868 |
|
| 650 | 0 |
_aQuality control. _9869 |
|
| 650 | 0 |
_aProduction management _xQuality control. _9870 |
|
| 650 | 0 |
_aQuality assurance. _9871 |
|
| 650 | 0 |
_aTotal quality management. _9872 |
|
| 650 | 0 |
_aBuilding materials _xPurchasing _xQuality control. _9873 |
|
| 650 | 0 |
_aBusiness logistics _xQuality control. _9874 |
|
| 700 | 1 |
_aMarosszeky, Marton. _9875 |
|
| 856 | 4 | 1 |
_3Table of contents only _uhttp://www.loc.gov/catdir/toc/fy0613/2006296675.html |
| 856 | 4 | 2 |
_3Publisher description _uhttp://www.loc.gov/catdir/enhancements/fy0661/2006296675-d.html |
| 906 |
_a7 _bcbc _ccopycat _d2 _encip _f20 _gy-gencatlg |
||
| 942 |
_2ddc _cBK |
||